| 000 | 00731nam a22002417a 4500 | ||
|---|---|---|---|
| 003 | dpl | ||
| 005 | 20180525154540.0 | ||
| 008 | 180525b xxu||||| |||| 00| 0 eng d | ||
| 010 | _aA-935752, A-935775 | ||
| 020 | _c50.00 | ||
| 035 | _aA-935752 | ||
| 037 | _bCen Lib/Ret | ||
| 040 |
_aDPL _bEN _c0 |
||
| 082 |
_a921 _bNAG |
||
| 100 |
_aNagaich, Parkash _930351 |
||
| 245 |
_aDiana : _cby Parkash Nagaich _bprincess of wales / |
||
| 260 |
_aNew Delhi _bDiamond Pockrt Books _c1997 |
||
| 270 |
_aX-30, Okhla Industrial Area, Phase-II _bNew Delhi _e110020 |
||
| 300 |
_a143p. _c21cm(Hb) |
||
| 650 |
_aDiana, Princess of Wales, 1961-1997 _930352 |
||
| 650 |
_aPrincesses _930353 |
||
| 942 |
_2ddc _cEN _h921 _mNAG |
||
| 999 |
_c130889 _d130889 |
||